000 00343nam a22001457a 4500
003 OSt
005 20160727222459.0
008 160705b xxu||||| |||| 00| 0 eng d
040 _cTEST
100 _92241
_a Shankar, A
245 _aTime to Rhyme
260 _aN.D
_b Children Books Trust
_c2002
300 _aTime to Rhyme
942 _2ddc
_cBK
999 _c1930
_d1930